Les 10 pays les plus intolérants au lactose - Statistiques

Statistiques générales
  • Ce quiz a été pris 32 fois
  • Le résultat moyen est 4 sur 10
Statistiques - réponses
Part de la population intolérante au lactose Réponse % Correct
100% Corée du Sud
68%
93% Irak
58%
88% Iran
58%
98% Vietnam
58%
95% Syrie
48%
94% Somalie
39%
89% Israël
35%
96% Oman
35%
92% Ouzbékistan
26%
99% Îles Salomon
6%
Aucun quiz correspondant
Distribution des résultats
% des personnes avec chaque résultat
Percentile par nombre de réponses
Votre historique - résultats
Vous n’avez pas pris ce quiz